Les Cimetières : Des lieux de vie et d'histoires inattendues (notice n° 2129495)

détails MARC
000 -LEADER
fixed length control field 01380cam a2200133 4500500
005 - DATE AND TIME OF LATEST TRANSACTION
control field 20260405022108.0
041 ## - LANGUAGE CODE
Language code of text/sound track or separate title fre
042 ## - AUTHENTICATION CODE
Authentication code dc
100 10 - MAIN ENTRY--PERSONAL NAME
Personal name Faudot, Marc
Relator term author
245 00 - TITLE STATEMENT
Title Les Cimetières : Des lieux de vie et d'histoires inattendues
260 ## - PUBLICATION, DISTRIBUTION, ETC.
Name of publisher, distributor, etc. Armand Colin,<br/>
Date of publication, distribution, etc. 2023.<br/>
520 ## - SUMMARY, ETC.
Summary, etc. Chaque ville, chaque village a son cimetière et Marc Faudot les connaît bien. Architecte et ancien administrateur des cimetières de la ville de Paris, cet amoureux des lieux en arpente les allées depuis de nombreuses années. Il en sait les histoires et les secrets qu’il égraine sous la forme d’un dictionnaire empreint de poésie. Les dédales des catacombes, l’apparition des chrysanthèmes qui, au sortir de la Première Guerre mondiale, remplacèrent les bougies, le souvenir dansant des feux follets mais aussi les lois qui entourent les défunts, les exhumations répondant aux besoins d’une enquête, les épitaphes qui prêtent à sourire ; tout dans sa démarche invite à la découverte. À rebours de la morosité que l’on associe généralement aux cimetières, l'auteur décrit des lieux de vie et de partage dans lesquels se joue une touchante humanité. Des lieux emprunts d’histoire et de patrimoine où il fait bon se promener.
856 41 - ELECTRONIC LOCATION AND ACCESS
Uniform Resource Identifier <a href="https://shs.cairn.info/les-cimetieres--9782200635473?lang=fr&redirect-ssocas=7080">https://shs.cairn.info/les-cimetieres--9782200635473?lang=fr&redirect-ssocas=7080</a>

Pas d'exemplaire disponible.

PLUDOC

PLUDOC est la plateforme unique et centralisée de gestion des bibliothèques physiques et numériques de Guinée administré par le CEDUST. Elle est la plus grande base de données de ressources documentaires pour les Étudiants, Enseignants chercheurs et Chercheurs de Guinée.

Adresse

627 919 101/664 919 101

25 boulevard du commerce
Kaloum, Conakry, Guinée

Réseaux sociaux

Powered by Netsen Group @ 2025